France squad World Cup 2018 - Statistics

General Stats
  • This quiz has been taken 181 times
  • The average score is 15 of 23
Answer Stats
Position Nr Name % Correct
GK 1 Hugo Lloris
97%
ATT 10 Kylian Mbappe
97%
ATT 7 Antoine Griezmann
91%
ATT 9 Olivier Giroud
90%
MID 6 Paul Pogba
90%
MID 13 Ngolo Kante
86%
DEF 2 Benjamin Pavard
83%
ATT 11 Ousmane Dembele
82%
DEF 21 Lucas Hernandez
77%
DEF 4 Raphael Varane
75%
DEF 5 Samuel Umtiti
75%
MID 14 Blaise Matuidi
68%
GK 16 Steve Mandanda
62%
DEF 22 Benjamin Mendy
58%
GK 23 Alphones Areola
51%
DEF 3 Presenl Kimpembe
51%
MID 12 Corentin Tolisso
40%
MID 18 Nabil Fekir
34%
DEF 17 Adil Rami
32%
DEF 19 Djibril Sidibe
30%
MID 8 Thomas Lemar
29%
MID 15 Steven Nzonzi
27%
MID 20 Florian Thauvin
26%
No matching quizzes found
Score Distribution
Percent of People with Each Score
Percentile by Number Answered
Your Score History
You have not taken this quiz